Grundlagen des Operations Research 1. Einführung, Lineare Optimierung, Nichtlineare Optimierung, Optimierung bei mehrfacher Zielsetzung

Gespeichert in:
Bibliographische Detailangaben
Weitere Verfasser: Gal, Tomas
Format: Buch
Sprache:Deutsch
Veröffentlicht: Berlin Springer 1989
Ausgabe:2. unveränd. Aufl.
Tags: Tag hinzufügen
Keine Tags, Fügen Sie das erste Tag hinzu!

MARC

LEADER 00000nam a2200000 4500
001 c035804
005 20221215124447.6
041 0 |a ger 
044 |a DE 
245 1 0 |a Grundlagen des Operations Research  |b 1. Einführung, Lineare Optimierung, Nichtlineare Optimierung, Optimierung bei mehrfacher Zielsetzung  |c Edit. Tomas Gal 
250 |a 2. unveränd. Aufl. 
264 1 |a Berlin  |b Springer  |c 1989 
300 |a 583 s. 
700 1 |a Gal, Tomas